Normal view
MARC view
- Baqa, Muhammad Shareef
Entry Personal Name
001 - CONTROL NUMBER
- control field: 18181
003 - CONTROL NUMBER IDENTIFIER
- control field: NUST
005 - DATE AND TIME OF LATEST TRANSACTION
- control field: 20190719105105.0
008 - FIXED-LENGTH DATA ELEMENTS
- fixed length control field: 190719|| aca||aabn | a|a d
040 ## - CATALOGING SOURCE
- Original cataloging agency: NUST
- Transcribing agency: NUST
100 ## - HEADING--PERSONAL NAME
- Personal name: Baqa, Muhammad Shareef
670 ## - SOURCE DATA FOUND
- Source citation: Work cat.: (NUST): Baqa, Muhammad Shareef, Choudhary Rehmat Ali ny kaha /, 1995.
